000 nam a22 7a 4500
999 _c152855
_d152853
005 20191111093107.0
008 191111b sp ||||| |||| 00| 0 spa d
020 _a9788490859001
050 0 4 _aK215
_bL67 2016
100 1 _aLorca Martín de Villodres, María Isabel
245 1 0 _aEl concepto de derecho de un siglo.su perspectiva iusfilosófica :
_bEl concepto de Derecho en los Discursos de la Real Academia de Jurisprudencia y Legislación, desde mediados del siglo XIX a mediados del siglo XX (La positividad del Derecho) /
_cMaría Isabel Lorca Martín de Villodres
250 _a1a edición
260 _aMadrid :
_bDykinson,
_c2016
300 _a102 p. ;
_c21 cm.
650 4 _aDerecho
_xFilosofía - Historia
_ySiglo XIX.
942 _2lcc
_cLIB